leki chataGPT part 2 - Statystyki

Ogólne statystyki
  • Ten quiz został rozwiązany 20 razy
  • Średni wynik to 3 z 30
Statystyki odpowiedzi
Odpowiedź % Poprawnych
Alprazolam
50%
Diklofenak
50%
Ketoprofen
50%
Lewodopa
50%
Baklofen
25%
Nitrogliceryna
25%
Trazodon
25%
Allopurynol
0%
Betahistyna
0%
Budezonid
0%
Celekoksyb
0%
Dapagliflozyna
0%
Empagliflozyna
0%
Enalapryl
0%
Esomeprazol
0%
Ezetymib
0%
Flukonazol
0%
Izosorbid dinitrat
0%
Liraglutyd
0%
Meloksykam
0%
Memantyna
0%
Mirtazapina
0%
Pioglitazon
0%
Roflumilast
0%
Rywastygmina
0%
Sitagliptyna
0%
Spironolakton
0%
Tiapryd
0%
Topiramat
0%
Tramadol
0%
Nie znaleziono quizów pasujących do podanych kryteriów
Rozkład punktacji
Procent ludzi z każdym wynikiem
Percentyl według liczby udzielonych odpowiedzi
Twoja historia wyników
Nie rozwiązałeś tego quizu